Countries Porter Robinson has Visited - Statistics

General Stats
  • This quiz has been taken 23 times
  • The average score is 22 of 27
Answer Stats
Continent Country % Correct
Oceania Australia
100%
North America Canada
100%
North America United States of America
100%
Asia China
95%
Europe France
95%
Asia Japan
95%
Europe United Kingdom
95%
South America Brazil
90%
Europe Germany
90%
North America Mexico
90%
Europe Belgium
86%
Europe Austria
81%
Asia India
81%
Asia South Korea
81%
Europe Denmark
76%
Europe Finland
76%
Asia Indonesia
76%
Europe Ireland
76%
Europe Netherlands
76%
Europe Sweden
76%
Europe Norway
71%
Europe Croatia
62%
Asia Malaysia
62%
North America Costa Rica
57%
Asia Taiwan
57%
North America Dominican Republic
52%
Asia Singapore
52%
No matching quizzes found
Score Distribution
Percent of People with Each Score
Percentile by Number Answered
Your Score History
You have not taken this quiz